| 000 | 01548nam a2200349 a 4500 | ||
|---|---|---|---|
| 003 | CO-PeBPR | ||
| 005 | 20260423110748.0 | ||
| 008 | 260415e2024 ck a|||| n||| 00| 0 spa c | ||
| 020 | _a9789588887432 | ||
| 040 | 0 |
_aCO-PeBPR _bspa _cCO-PeBPR _erda |
|
| 041 | 0 | _hspa | |
| 082 | 0 | 4 | _aCo861 D671a |
| 245 | 1 | 0 |
_a¿Adónde van los días que pasan? _c/ Compilación de Óscar Domínguez Giraldo ; prólogo de Darío Jaramillo Agudelo |
| 250 | _aEdición especial | ||
| 264 | 1 |
_aBogotá, Colombia _b: Luna Libros _c, 2024 |
|
| 300 |
_a88 páginas _c; 17 centímetros |
||
| 336 |
_atexto _btxt _crdacontenido |
||
| 337 |
_asin mediación _bn _2rdamedio |
||
| 338 |
_avolumen _bnc _2rdasoporte |
||
| 490 | _aPlan Nacional de Lectura, Escritura y Oralidad / Ministerio de las Culturas, las Artes y los Saberes | ||
| 500 | _aIncluye índice. | ||
| 500 | _aContiene datos biográficos del autor al final del texto. | ||
| 520 | _aHay una época de nuestra vida en la que somos inmortales y geniales sin excepción: la niñez. Con una frase somos capaces de cambiar el curso de un río. Y ni cuenta nos damos. Tomado de la contracubierta del libro. | ||
| 521 | _aRecomendado para jóvenes y adultos. | ||
| 650 | 1 | 4 |
_2LEMB _aPoesía juvenil colombiana _ySiglo XXI |
| 650 | 1 | 4 |
_2LEMB _aLiteratura juvenil colombiana _ySiglo XXI |
| 650 | 1 | 4 |
_2LEMB _aPoesía humorística colombiana |
| 650 | 1 | 4 |
_2LEMB _aSátira en la literatura |
| 700 | 1 |
_aDomínguez Giraldo, Óscar _ecompilador |
|
| 700 | 1 |
_aJaramillo Agudelo, Darío _eprologuista |
|
| 942 |
_2ddc _cBKLIT |
||
| 999 |
_c17766 _d17766 |
||